Guess The Artist By Letter (G) - Statistics

General Stats
  • This quiz has been taken 88 times
  • The average score is 7 of 17
Answer Stats
Hint Answer % Correct
Sweet Child O' Mine Guns N' Roses
90%
I Will Survive Gloria Gaynor
77%
Somebody That I Used to Know Gotye
73%
Feel Good Inc. Gorillaz
63%
Iris Goo Goo Dolls
56%
Good Riddance Green Day
46%
Budapest George Ezra
42%
American Woman The Guess Who
42%
I Can't Dance Genesis
34%
Wreck of the Edmund Fitzgerald Gordon Lightfoot
34%
Bad to the Bone George Thorogood
33%
Touch of Grey Grateful Dead
28%
Southern Nights Glen Campbell
23%
Twilight Zone Golden Earring
19%
Drift Away Dobie Gray
18%
Wake Up In the Sky Gucci Mane
6%
I'd Wait A Million Years The Grass Roots
5%
No matching quizzes found
Score Distribution
Percent of People with Each Score
Percentile by Number Answered
Your Score History
You have not taken this quiz